Causa formada en 1526 a D. Antonio de Acuña, obispo de Zamora, por la muerte que dio a Mendo de Noguerol, alcaide de la fortaleza de Simancas / (Record no. 183791)
[ view plain ]
| 000 -LEADER | |
|---|---|
| campo de control de longitud fija | 00856nam a22002051i 4500 |
| 001 - NÚMERO DE CONTROL | |
| campo de control | 183791 |
| 003 - IDENTIFICADOR DE NÚMERO DE CONTROL | |
| campo de control | ES-MaACL |
| 005 - FECHA Y HORA DE LA ÚLTIMA TRANSACCIÓN | |
| campo de control | 20240821104107.0 |
| 008 - DATOS DE LONGITUD FIJA--INFORMACIÓN GENERAL | |
| campo de control de longitud fija | 141015s1849 sp |||| | spa d |
| 080 ## - NÚMERO DE LA CLASIFICACIÓN DECIMAL UNIVERSAL | |
| Número de la Clasificación Decimal Universal | 929 Acuña, Antonio de |
| 245 00 - MENCIÓN DEL TÍTULO | |
| Título | Causa formada en 1526 a D. Antonio de Acuña, obispo de Zamora, por la muerte que dio a Mendo de Noguerol, alcaide de la fortaleza de Simancas / |
| Mención de responsabilidad, etc. | publicada por el Dr. D.M.S.V. |
| 260 ## - PUBLICACIÓN, DISTRIBUCIÓN, ETC. | |
| Lugar de publicación, distribución, etc. | Valladolid : |
| Nombre del editor, distribuidor, etc. | [s.n.], |
| Fecha de publicación, distribución, etc. | 1849 ( |
| Fabricante | Imp. de M. Aparicio) |
| 300 ## - DESCRIPCIÓN FÍSICA | |
| Extensión | 72 p. ; |
| Dimensiones | 22 cm. |
| 530 ## - NOTA DISPONIBLE DE FORMULARIO FÍSICO ADICIONAL | |
| Nota de formato físico adicional disponible | Disponible en formato digital. |
| 600 14 - PUNTO DE ACCESO ADICIONAL DE MATERIA--NOMBRE DE PERSONA | |
| Nombre de persona | Acuña, Antonio de, |
| Fechas asociadas al nombre | 1459-1526 |
| 9 (RLIN) | 175883 |
| 700 1# - ENTRADA AGREGADA--NOMBRE PERSONAL | |
| Nombre de persona | Sangrador Vitores, Matías. |
| 9 (RLIN) | 103141 |
| 852 4# - LOCALIZACIÓN | |
| Ubicación | ES-MaACL |
| Número de control de estantería | T-42-F-5 |
| 856 4# - LOCALIZACIÓN Y ACCESO ELECTRÓNICOS | |
| Identificador Uniforme de Recursos | <a href="https://bibliotecadigital.jcyl.es/es/consulta/registro.do?id=13579">https://bibliotecadigital.jcyl.es/es/consulta/registro.do?id=13579</a> |
| Nota pública | Biblioteca Digital de Castilla y León |
| Estatus retirado | Estado de pérdida | Estado de daño | No para préstamo | Colección | Biblioteca de origen | Biblioteca actual | Ubicación en estantería | Fecha de adquisición | Fuente de adquisición | Total de préstamos | Signatura topográfica completa | Código de barras | Visto por última vez | Precio de reemplazo | Tipo de ítem Koha |
|---|---|---|---|---|---|---|---|---|---|---|---|---|---|---|---|
| Colección de folletos | Biblioteca del Ateneo de Madrid | Biblioteca del Ateneo de Madrid | Depósito folletos | 15/10/2014 | T-42-F-5 | 1193237 | 23/02/2023 | 23/02/2023 | Folleto |
